| 000 | 01534nam a22004097a 4500 | ||
|---|---|---|---|
| 001 | T0000569 | ||
| 003 | KOHA_MİRAKIL | ||
| 005 | 20260207004619.0 | ||
| 007 | ta | ||
| 008 | 201102b2020 tu |||grm|||#0|||0|tur | | ||
| 040 |
_aTR-BiSEU _btur _cTR-BiSEU _erda |
||
| 041 | 0 | _atur | |
| 044 | _ctu | ||
| 050 | 0 | 0 |
_aTez _b569 |
| 100 | 1 | _aKaraca, Şeyma. | |
| 245 | 1 |
_aÖzgürlükler ve kurumsal faktörler ülkelerin savunma harcamalarını etkiler mi?: Panel analiz/ _cŞeyma Karaca ; Şeyma Karaca; danışman Cüneyt Koyuncu. |
|
| 264 | 1 |
_aBilecik : _bBilecik Şeyh Edebali Üniversitesi _c2020 |
|
| 300 |
_aXII, 142 sayfa; 30 cm. + _e1 CD-ROM |
||
| 336 |
_ametin _btxt _2rdacontent |
||
| 337 |
_aaracısız _bn _2rdamedia |
||
| 338 |
_acilt _bnc _2rdacarrier |
||
| 490 | 0 | _aRef. | |
| 490 | 0 | _aNo: 10236938 | |
| 500 | _aKaynakça var. | ||
| 500 | _aİngilizce Eser Adı: Do freedoms and institutional factors affect countries' defense expenditures?: Panel analysis | ||
| 502 | _aTez (Yüksek Lisans) -- Bilecik Şeyh Edebali Üniversitesi Sosyal Bilimler Enstitüsü İktisat Anabilim Dalı, Bilecik, . | ||
| 650 | 0 |
_aSavunma harcaması. _9123993 |
|
| 650 | 0 |
_aÖzgürlükler--Kurumsal faktörler. _9123994 |
|
| 650 | 0 |
_aEkonometrik analiz. _9121619 |
|
| 650 | 0 |
_aDefence expenditure. _9123995 |
|
| 650 | 0 |
_aFreedoms-- Institutional factors. _9123996 |
|
| 650 | 0 |
_aEceonometric analysis. _9123997 |
|
| 830 | 0 |
_aRef. _9123605 |
|
| 830 | 0 |
_aNo: 10236938 _9123998 |
|
| 856 | 4 | 0 | _uhttp://acikkaynak.bilecik.edu.tr/xmlui/handle/11552/1436 |
| 907 | _aYüksek Lisans | ||
| 942 |
_2lcc _cTS |
||
| 999 |
_c66254 _d66254 |
||